La suspensión del cumplimiento del contrato de trabajo y el Código Civil y Comercial de la Nación (Registro nro. 18515)

Detalles MARC
000 -LEADER
fixed length control field 00379 a2200109 4500
001 - CONTROL NUMBER
control field ART_38112
005 - DATE AND TIME OF LATEST TRANSACTION
control field 20260410161738.0
008 - FIXED-LENGTH DATA ELEMENTS--GENERAL INFORMATION
fixed length control field 260409a
100 1# - MAIN ENTRY--PERSONAL NAME
Personal name Etala, Carlos Alberto
245 10 - TITLE STATEMENT
Title La suspensión del cumplimiento del contrato de trabajo y el Código Civil y Comercial de la Nación
773 0# - HOST ITEM ENTRY
Title Doctrina laboral
Related parts - Nº 359 (jul. 2015)
Record control number REV4049

No hay ítems disponibles.